000 00312nam a22001457a 4500
003 SGT
020 _a9788171641871
082 _a635
_bCHA
100 _aCHADHA, DR. K.L.
245 _aHANDBOOK OF HORTICULTURE
260 _aINDIA
_bICAR
_c2022
300 _a170
650 _aHORTICULTURE
942 _2ddc
_cBK
_08
999 _c25844
_d25844